Music Quiz

Random Music or Album Quiz

All Time Low Songs Quiz Stats

 Plays Quiz Updated Oct 15, 2019

Score 0/84 Timer 06:00
0 Plays Today
Album Song % Correct
Nothing PersonalWeightless
85.4%
So Wrong, It's RightDear Maria, Count Me In
84.2%
Nothing PersonalDamned If I Do Ya (Damned If I Don't)
75.2%
Nothing PersonalStella
73%
So Wrong, It's RightRemembering Sunday
72.9%
Nothing PersonalTherapy
72.5%
Last Young RenegadeLast Young Renegade
72%
Nothing PersonalBreak Your Little Heart
71%
So Wrong, It's RightSix Feet Under The Stars
70.5%
Nothing PersonalLost In Stereo
68.7%
So Wrong, It's RightPoppin' Champagne
64.7%
Nothing PersonalWalls
64.5%
The Party SceneThe Party Scene
64.1%
Nothing PersonalHello, Brooklyn
64%
Last Young RenegadeDirty Laundry
63.4%
Nothing PersonalA Party Song (The Walk of Shame)
63.2%
Future HeartsOld Scars / Future Hearts
62.5%
Nothing PersonalToo Much
61.1%
So Wrong, It's RightThe Beach
60.9%
So Wrong, It's RightVegas
60.1%
The Party SceneLullabies
59.4%
The Party SceneRunning From Lions
58.4%
Nothing PersonalKeep the Change, You Filthy Animal
58%
Dirty WorkTime-Bomb
57.2%
Dirty WorkI Feel Like Dancin
56%
So Wrong, It's RightLet It Roll
55.8%
Nothing PersonalSick Little Games
55.8%
The Party SceneBreak Out! Break Out!
55.6%
Album Song % Correct
So Wrong, It's RightShameless
55.5%
Future HeartsKids in the Dark
55.2%
Future HeartsMissing You
54.7%
Don't PanicSomewhere in Neverland
54.5%
Future HeartsSomething's Gotta Give
53.8%
Last Young RenegadeDrugs & Candy
53.1%
The Party SceneThe Girl's A Straight Up Hustler
52.3%
Last Young RenegadeGood Times
51.8%
So Wrong, It's RightThis Is How We Do
51.7%
So Wrong, It's RightStay Awake (Dreams Only Last For A Night)
51.3%
So Wrong, It's RightCome One, Come All
49.5%
Don't PanicThe Reckless and the Brave
49.3%
Last Young RenegadeAfterglow
48.8%
The Party SceneCircles
48.7%
Last Young RenegadeNice2KnoU
47.9%
Last Young RenegadeLife of the Party
47.8%
So Wrong, It's RightHolly (Would You Turn Me On?)
46.3%
Last Young RenegadeNightmares
45.6%
Last Young RenegadeGround Control
45.1%
Dirty WorkGuts
45%
Future HeartsSatellite
44.7%
Don't PanicFor Baltimore
44.3%
Future HeartsCinderblock Garden
43.3%
Future HeartsDancing with a Wolf
43.1%
Last Young RenegadeDark Side of Your Room
40.9%
Don't PanicIf These Sheets Were States
39.9%
The Party SceneNoel
39.4%
Future HeartsTidal Waves
39.4%
Album Song % Correct
Dirty WorkThat Girl
38.7%
Future HeartsBail Me Out
38.4%
Don't PanicSo Long, Soldier
38.2%
Don't PanicThe Irony of Choking on a Lifesaver
37.3%
Don't PanicOutlines
37.1%
Dirty WorkHeroes
36.8%
Dirty WorkForget About It
36.3%
Future HeartsKicking & Screaming
36%
Future HeartsRunaways
35.6%
Dirty WorkUnder a Paper Moon
35.4%
Dirty WorkA Daydream Away
35.2%
The Party SceneWe Say Summer
35.1%
Don't PanicPaint You Wings
33.2%
Dirty WorkDo You Want Me (Dead?)
32.7%
The Party SceneSticks, Stones, and Techno
32.5%
The Party SceneI Can't Do The One Two Step
32.2%
The Party ScenePrelude
31.2%
Future HeartsDon't You Go
31.1%
The Party SceneInterlude
30.8%
Don't PanicSo Long, and Thanks for All the Booze
30%
The Party SceneHometown Heroes, National Nobodies
29.8%
Dirty WorkNo Idea
29.2%
Future HeartsThe Edge of Tonight
28.6%
Don't PanicThanks to You
27.7%
Dirty WorkJust the Way I'm Not
27%
Dirty WorkReturn the Favor
27%
Don't PanicTo Live and Let Go
23.9%
Don't PanicBacksear Serenade
16.3%

You're not logged in!

Compare scores with friends on all Sporcle quizzes.
OR
Log In

Sporcle TV

Today on Sporcle TV


Watch our educational content, quiz creation guides, and fun videos on Sporcle TV.

Show Comments

Extras

Top Quizzes Today


Score Distribution

Your Account Isn't Verified!

In order to create a playlist on Sporcle, you need to verify the email address you used during registration. Go to your Sporcle Settings to finish the process.

Report this User

Report this user for behavior that violates our Community Guidelines.

Details: